Transistor Circuits (Record no. 296502)

MARC details
000 -LEADER
fixed length control field 00367nam a2200157Ia 4500
008 - FIXED-LENGTH DATA ELEMENTS--GENERAL INFORMATION
fixed length control field 230718s9999 xx 000 0 und d
041 ## - LANGUAGE CODE
Language code of text/sound track or separate title eng
082 ## - DEWEY DECIMAL CLASSIFICATION NUMBER
Classification number 621.381
Item number TUM
100 ## - MAIN ENTRY--PERSONAL NAME
Personal name Tumer R. P.
9 (RLIN) 164901
245 ## - TITLE STATEMENT
Title Transistor Circuits
260 ## - PUBLICATION, DISTRIBUTION, ETC. (IMPRINT)
Date of publication, distribution, etc. 1964
Name of publisher, distributor, etc. D B Taraporevala
300 ## - PHYSICAL DESCRIPTION
Extent 160
365 ## - TRADE PRICE
Currency code Rs.
700 ## - ADDED ENTRY--PERSONAL NAME
Personal name Tumer R. P.
9 (RLIN) 164901
906 ## - LOCAL DATA ELEMENT F, LDF (RLIN)
c ETC
Holdings
Withdrawn status Lost status Damaged status Not for loan Home library Current library Date acquired Vendor Budget Code Total Checkouts Full call number Barcode Date last seen Bill Date Koha item type Original Barcode
        Cummins College of Engineering for Women Pune Cummins College of Engineering for Women Pune 05/12/1997 Masurkar Enterprises ETC   621.381 CCEP-BK-7708 18/07/2023 18/07/2023 Books 007708